000
00198 a2200097 4500
020
_a
9781603961936
041
_a
spa
100
_a
Megan McDonal
245
_a
El inreible niò¨ menguante
942
_c
BK
999
_c
30178
_d
30176